Sanat: "Boom Kah" - Robin - Statistics

Yleistilastot
  • Tätä visaa on pelattu 266 kertaa
  • Keskiarvotulos 142 / 225
Vastaustilastot
Vastaus % Oikein
KERTOSÄE
100%
Boom
98%
boom
98%
kah
98%
94%
Ja
91%
ja
91%
Joten
88%
jäädä
85%
mis
83%
tänää
83%
Ei
82%
ei
82%
hei
82%
Hei
82%
himaan
82%
jumittaa
82%
mitä
81%
Missä
80%
se
80%
huvittaa
79%
nähään
79%
tehään
75%
kohta
73%
kotisohva
73%
ohi
73%
Elämä
72%
skippaa
71%
tie
71%
ajaa
70%
tänään
70%
ehtii
69%
mennää
68%
Paa
68%
stressii
68%
enää
66%
käyntiin
66%
lepää
66%
Myöhemminkin
66%
päätä
66%
täysii
66%
tyynyy
66%
vetää
66%
Nyt
65%
Turhaan
65%
on
62%
Tai
62%
koneet
60%
paina
60%
painaa
55%
hyytyy
53%
ku
53%
Robin
51%
vie
50%
tänne
47%
Ihan
46%
pidemmälle
46%
sinne
46%
viel
46%
ota
45%
vaik
45%
voi
45%
ässä
43%
hihas
43%
tässä
43%
vaa
43%
olla
42%
alle
41%
koodii
41%
maan
41%
roolii
41%
batmanille
40%
heti
40%
maailma
40%
Pelastetaa
39%
pihas
39%
sinkoo
38%
etsimässä
37%
vaan
37%
Vaan
37%
piilopaikat
36%
Hyvää
35%
Hyvät
35%
mestaa
35%
DJ
34%
frendit
34%
meille
34%
rakennetaan
34%
replay
34%
voidaan
34%
kii
32%
maskit
32%
naamalle
32%
ilman
31%
mut
31%
jokaselle
29%
rosvoi
29%
tul
29%
Eletään
28%
kiireit
28%
huuda
27%
kuulokkeist
27%
näätää
27%
nonstoppii
27%
kuumaa
26%
tulta
26%
Eli
25%
meit
25%
superdanille
24%
mihin
23%
siistii
23%
mun
21%
tätä
21%
huomisesta
20%
huolta
19%
kuha
19%
Robineri
19%
iisii
18%
lähe
18%
Otan
18%
otan
18%
kyydist
17%
meist
17%
nautin
16%
Liekeis
15%
popitan
15%
Enkä
14%
jengii
14%
stressaa
13%
Väijyn
8%
viilein
8%
katoilt
5%
Ehtoja vastaavia visoja ei löytynyt
Tulosjakauma
Jokaisen tuloksen saaneiden osuus
Persentiili vastausten määrän mukaan
Tuloshistoriasi
Et ole pelannut tätä visaa